000 00660nam a2200217 i 4500
001 129038
003 ES-MaACL
005 20230906193427.0
007 t|
008 070605s1982 sp ||||1| spa d
080 _a860-21"16"
080 _a860-12"16"
100 1 _aMolina, Tirso de,
_d1579-1648
_9226522
245 1 4 _aLos balcones de Madrid /
_cTirso de Molina ; introducción y notas de Gisèle Cazottes.
260 _a[Madrid :
_bAyuntamiento,
_c1982]
300 _a194 p., 3 lám. ;
_c21 cm.
700 1 _aCazottes, Gisèle.
_937256
710 1 _aMadrid.
_bAyuntamiento
_9234069
852 _aES-MaACL
_jL-5910
_bR.106058
999 _c129038
_d129038